| 000 | 00471cam a2200181ua 4500 | ||
|---|---|---|---|
| 020 | _c17.50 | ||
| 041 |
_aeng _h |
||
| 082 |
_a306.489 _bROB/CR |
||
| 100 | _aRobertson, Seonaidmairi . | ||
| 245 |
_aCraft and contemporary culture / _cSeonaidmairi Robertson. _hTextual Documents |
||
| 250 |
_a1 / _b. |
||
| 260 |
_aLondon : _bGeorge G.Harrap and co.Ltd , _c1961. |
||
| 300 | _a158 ; . | ||
| 365 | _a17.50 | ||
| 504 | _a | ||
| 942 | _cBK | ||
| 999 |
_c1884 _d1884 |
||